000 01236cam a2200349 i 4500
001 14492762
003 EG-ScBUE
005 20241029090602.0
008 060811t2008 nyua f b 001 0 eng d
020 _a9780071259217
020 _a007125921X
040 _aDLC
_beng
_erda
_cDLC
_dBAKER
_dC#P
_dYDXCP
_dOCLCQ
_dEG-ScBUE
082 0 4 _a518
_222
_bCHA
100 1 _aChapra, Steven C.,
_eauthor.
245 1 0 _aApplied numerical methods with MATLAB for engineers and scientists /
_cSteven C. Chapra, berger chair in computing and engineering, Tufts University.
250 _aSecond edition.
250 _aMcGraw-Hill international edition.
264 1 _aNew York :
_bMcGraw-Hill Higher Education,
_c[2008]
264 4 _cc2008
300 _axx, 588 pages :
_billustrations ;
_c25 cm
336 _2rdacontent
_atext
_btxt
337 _aunmediated
_2rdamedia
_bn
338 _avolume
_bnc
_2rdacarrier
504 _aIncludes bibliographical references and index.
590 _adoaa mohamed
630 0 7 _aMATLAB
_vTextbooks.
_2BUEsh
_929552
650 7 _aNumerical analysis
_xData processing
_vTextbooks.
_2BUEsh
_929553
651 _2BUEsh
653 _bENGGEN
_cAugust2015
_cSeptember2017
655 _vReading book
942 _2ddc
_cBB
999 _c11017
_d11017